Development planning: the Indian experience (Record no. 40029)

MARC details
000 -LEADER
fixed length control field 00623nam a2200181 a 4500
008 - FIXED-LENGTH DATA ELEMENTS--GENERAL INFORMATION
fixed length control field 120416s1987 ||||||||||||||||| || u
020 ## - INTERNATIONAL STANDARD BOOK NUMBER
International Standard Book Number 0198285558
050 ## - LIBRARY OF CONGRESS CALL NUMBER
Classification number HC 435.2 Cha
100 ## - MAIN ENTRY--PERSONAL NAME
Personal name Chakravarty, Sukhamoy
245 10 - TITLE STATEMENT
Title Development planning: the Indian experience
260 ## - PUBLICATION, DISTRIBUTION, ETC.
Place of publication, distribution, etc. Oxford:
Name of publisher, distributor, etc. Clarendon
Date of publication, distribution, etc. 1987
300 ## - PHYSICAL DESCRIPTION
Extent ix, 137p.
350 ## - PRICE (NR) (BK AM CF MU VM SE) [OBSOLETE]
Price 0.00
650 ## - SUBJECT ADDED ENTRY--TOPICAL TERM
Topical term or geographic name entry element INDIA--SOCIAL POLICY
650 #0 - SUBJECT ADDED ENTRY--TOPICAL TERM
Topical term or geographic name entry element ECONOMICS
650 ## - SUBJECT ADDED ENTRY--TOPICAL TERM
Topical term or geographic name entry element INDIA--ECONOMIC POLICY--1947-
995 ## - RECOMMENDATION 995 [LOCAL, UNIMARC FRANCE]
-- 0.00
-- CBU-MAIN LIBRARY (Kitwe)
-- 1
-- 19.25
-- 1
-- AVAILABLE
-- Main Library Open Access Collection
Holdings
Withdrawn status Lost status Source of classification or shelving scheme Damaged status Not for loan Home library Current library Shelving location Date acquired Total Checkouts Full call number Barcode Date last seen Price effective from Koha item type
          CBU-MAIN LIBRARY, KITWE. CBU-MAIN LIBRARY, KITWE.   11/30/2022   HC 435.2 Cha 002331 11/30/2022 11/30/2022 MONOGRAPH